| 000 | 00744nam a22002291 4500 | ||
|---|---|---|---|
| 001 | 134468 | ||
| 003 | ES-MaACL | ||
| 005 | 20230906194659.0 | ||
| 007 | t| | ||
| 008 | 070911m19661968sp ||||0| spa d | ||
| 016 | 7 | _zIND2000944364 | |
| 040 |
_aM-BN _bspa _cCDM |
||
| 080 | _a621.397.5 | ||
| 100 | 1 |
_aWhitehead, Roy C. _9116698 |
|
| 245 | 1 | 0 |
_aManual de principios de tecnología de televisión / _cRoy C. Whitehead ; traducido por José Dimas Borja... ; bajo la dirección de A. Herrero Buesa. |
| 260 |
_aBilbao : _bUrmo, _c1966-1968. |
||
| 300 |
_a2 v. : _bil. ; _c22 cm. |
||
| 650 | 1 | 4 |
_aTelevisión. _917437 |
| 700 | 1 |
_aDimas Borja, José. _944821 |
|
| 700 | 1 |
_aHerrero Buesa, A. _963298 |
|
| 852 |
_aES-MaACL _jC-38824-5 _bR.61907 |
||
| 999 |
_c134468 _d134468 |
||